Statistics for Tengwar Alphabet

Click here to take the quiz!

General Stats

  • This quiz has been taken 43 times
  • The average score is 15 of 35

Answer Stats

Answer% Correct
t
97%
p
83%
c
63%
s
60%
r
57%
r
57%
l
53%
qu
53%
f
50%
m
50%
n
50%
s
50%
s
50%
v/w
50%
i
47%
u
47%
z
47%
v/w
43%
n
40%
z
40%
ng
33%
ch
30%
ld
30%
mb
30%
nd
30%
ngw
30%
rd
30%
hw
27%
hw
27%
mp
27%
nt
27%
nw
27%
hy
23%
nqu
23%
nc
20%

Score Distribution

Percentile by Number Answered

Percent of People with Each Score

Your Score History

You have not taken this quiz